Las ciudades menores de Jalisco y la migración interna /

El libro aborda la importancia que juegan algunas ciudades de Jalisco (Ameca, Ciudad Guzmán, Lagos de Moreno, Ocotlán, Puerto Vallarta y Tepatitlán) respecto al fenómeno de la migración interna. También plantea la importancia de las mismas, como alternativas de desconcentración de población y de act...

Повний опис

Збережено в:
Бібліографічні деталі
Автор: Arroyo Alejandre, Jesús (autor)
Формат: Книга
Мова:Іспанська
Опубліковано: México : Universidad de Guadalajara, 1982, c1982
Серія:(Cuadernos de Divulgación. Segunda Epoca ; 12)
Предмети:
Теги: Додати тег
Немає тегів, Будьте першим, хто поставить тег для цього запису!

MARC

LEADER 00000nam^a2200000^a^4500
001 000154297
005 20250521000000.0
009 20260310100350.883
037 |a Acervo ITESO - Biblioteca 
041 |a ESP 
082 |a 304. 8097235063  |b ARR 
100 |a Arroyo Alejandre, Jesús  |e (autor) 
245 1 4 |a Las ciudades menores de Jalisco y la migración interna /  |c J. Arroyo Alejandre, L.A. Velázquez Gutiérrez. 
264 4 |a México :  |b Universidad de Guadalajara,  |c 1982, c1982 
300 |a 47 p. 
336 |a texto  |b txt  |2 rdacontenido 
337 |a sin mediación  |b n  |2 rdamedio 
338 |a volumen  |b nc  |2 rdasoporte 
440 1 |a (Cuadernos de Divulgación.  |p Segunda Epoca ;  |v 12) 
520 |a El libro aborda la importancia que juegan algunas ciudades de Jalisco (Ameca, Ciudad Guzmán, Lagos de Moreno, Ocotlán, Puerto Vallarta y Tepatitlán) respecto al fenómeno de la migración interna. También plantea la importancia de las mismas, como alternativas de desconcentración de población y de actividad económica. 
649 |a XX 
650 |a Trabajo Migratorio -  |z Jalisco 
650 |a Trabajo Migratorio -  |z México 
650 |a Población Económicamente Activa -  |z Jalisco 
650 |a Población Económicamente Activa -  |z México 
650 |a Migración Rural-Urbana -  |z Jalisco -  |x Tema Principal 
650 |a Migración Rural-Urbana -  |z México 
650 |a Migración -  |z Jalisco 
650 |a Migración -  |z México 
650 |a Centralización y Descentralización -  |z Jalisco 
650 |a Centralización y Descentralización -  |z México 
650 |a Estructura Demográfica -  |z Jalisco 
650 |a Estructura Demográfica -  |z México 
650 |a Zonas Urbanas -  |x Jalisco 
650 |a Zonas Urbanas -  |z México 
650 |a Demografía 
650 |a Sociología Rural 
650 |a Sociología Urbana 
650 |a Sociología Laboral 
650 |a Economía -  |z Jalisco -  |x Historia -  |y 1946-2000 
650 |a Economía -  |z México -  |x Historia -  |y 1946-2000 
650 |a Economía -  |z Jalisco -  |x Historia -  |y Siglo XX 
650 |a Economía -  |z México -  |x Historia -  |y Siglo XX 
650 |a Jalisco -  |x Condiciones Sociales y Culturales 
650 |a México -  |x Condiciones Sociales y Culturales 
650 |a Jalisco -  |x Condiciones Económicas 
650 |a México -  |x Condiciones Económicas 
910 |a Fondo General 
920 |a Impresos - Libros 
930 |a Colección General 
905 |a 101 
901 |a 0500086260  |b IT1  |c ACC  |u 20250521 
901 |a 0500128239  |b IT1  |c ACC  |u 20250521 
902 |a https://opac.biblio.iteso.mx/vufind/Record/000154297